Statistics for Lily Allen Charting Songs (Billboard Hot 100)

Click here to take the quiz!

General Stats

  • This quiz has been taken 16 times
    (14 since last reset)
  • The average score is 3 of 5

Answer Stats

AlbumWeeks OnPeakArtist(s)Song% Correct
The Truth About Love14 Weeks#53Pink ft. Lily AllenTrue Love
78%
Alright, Still16 Weeks#49Lily AllenSmile
78%
It's Not Me, It's You10 Weeks#80Lily AllenThe Fear
67%
It's Not Me, It's You2 Weeks#68Lily AllenFuck You
56%
Revolver20 Weeks#10T-Pain ft. Wiz Khalifa & Lily Allen5 O'Clock
44%

Score Distribution

Percentile by Number Answered

Percent of People with Each Score

Your Score History

You have not taken this quiz since the last reset